000 00493nam a22001817a 4500
005 20160622115130.0
010 _aENG-115180
020 _a9789385288326
_c350.00
035 _aEN-98712
037 _bDBAD/PUB
082 _aN
100 _aMwanza Mujila, Fiston
245 _aTram 83 /
_cby Fiston Mwanza Mujila
260 _aNew Delhi
_bSpeaking Tiger
_c2016
270 _a4381/4, Ansari Road, Daryaganj,
_bNew Delhi
_e110002
300 _a210p.
_c22cm(pbk)
942 _2ddc
_cEN
_mMWA
_hN
999 _c100147
_d100147